[Event "Skopje op-B"]
[Site "Skopje"]
[Date "2023.12.08"]
[Round "3"]
[White "Soylu, Mehmet"]
[Black "Cakonchev, Hristijan"]
[Result "0-1"]
[WhiteElo "1461"]
[BlackElo "1694"]
[PlyCount "94"]
[EventDate "2023.12.06"]
[EventType "swiss"]
[EventRounds "9"]
[EventCountry "MKD"]
[SourceTitle "CB51_2023"]
[SourceDate "2023.12.20"]
[SourceVersion "1"]
[SourceVersionDate "2023.12.20"]
[SourceQuality "1"]

1. e4 c5 2. Nf3 d6 3. d4 cxd4 4. Qxd4 Nc6 5. Bb5 Bd7 6. Bxc6 bxc6 7. c4 Qb6 8. Qd3 g6 9. Nc3 Bg7 10. 0-0 Nf6 11. Rd1 Ng4 12. Qe2 Be6 13. Ng5 Bd7 14. h3 Ne5 15. Be3 Qb4 16. c5 h6 17. f4 hxg5 18. fxe5 dxc5 19. Bxg5 Bxe5 20. a3 Bd4+ 21. Be3 Bxe3+ 22. Qxe3 Qa5 23. Qg5 Qb6 24. Na4 Qb5 25. Nxc5 Rh5 26. Qd2 Qxc5+ 27. Kh1 Be6 28. Rac1 Qb6 29. Qc3 c5 30. Qg7 f6 31. Qxg6+ Bf7 32. Qg4 Qxb2 33. Rb1 Qa2 34. Qf4 Kf8 35. Rb8+ Rxb8 36. Qxb8+ Kg7 37. Qxa7 Qe2 38. Rd7 Qxe4 39. Rxe7 Rxh3+ 40. Kg1 Qb1+ 41. Kf2 Qa2+ 42. Re2 Qxa3 43. Qc7 Rh5 44. Qc8 c4 45. Re3 Qc5 46. Qxc5 Rxc5 47. Kf3 c3 0-1